000 00409nam a2200145Ia 4500
999 _c10827
_d10827
008 191201s2011 xx 000 0 und d
082 _a320.954076
_bLAI
100 _aLAXMIKANTH, M.
245 0 _aIndian Polity : For Civil Services and other State Examinations
250 _a6th
260 _aNew Delhi
_bMc Graw Hill
_c2021
300 _aMisc
650 _aBachelor of Mass Communication
942 _2ddc
_cBK